|
|
|
|
| LEADER |
00000nab a2200000 a 4500 |
| 001 |
vtls000862749 |
| 003 |
SK-MaSNL |
| 005 |
20260302171837.0 |
| 008 |
040806c2003 xo 0 slo |
| 015 |
|
|
|a SNBRB2004/02-05065
|
| 035 |
|
|
|a CLN000214320
|
| 040 |
|
|
|a SNKBUCL
|b slo
|c SNKBUCL
|e AACR2
|
| 041 |
0 |
|
|a slo
|
| 044 |
|
|
|a xo
|c SK
|
| 080 |
|
|
|a 636.68:598.271
|2 UDC-MRF-SK2
|
| 100 |
1 |
|
|a Vašíček, Milan
|4 aut
|9 521466
|
| 245 |
1 |
0 |
|a Všetko podstatné o chove kakadu palmového
|c Milan Vašíček
|
| 300 |
|
|
|b Fotogr.
|
| 650 |
0 |
7 |
|a kakadu palmový
|2 snkbucl
|9 170123
|
| 650 |
0 |
7 |
|a chov exotických zvierat
|2 snkbucl
|9 31420
|
| 650 |
0 |
7 |
|a chov vtákov
|2 snkbucl
|9 849365
|
| 655 |
|
7 |
|a články z novín a časopisov
|2 snkbucl
|9 267496
|
| 773 |
0 |
|
|x 1335-9932
|t Magazín chovateľa
|g Roč. 2, č. 10 (2003), s. 10-13
|
| 850 |
|
|
|a Slovenská národná knižnica v Martine
|
| 852 |
|
|
|a SNK
|b KIS3GCP
|
| 999 |
|
|
|c 1397125
|d 1399055
|